000
00284nam a22001217a 4500
020
_a
978-0241-54200-2
040
_c
CL
100
_a
Kissinger,Henry
_9
46579
245
_a
Henry Kissinger Leadership
260
_a
UK
_b
Penguin Random House
_c
2022
300
_a
499p.
942
_2
ddc
_c
BK
999
_c
612813
_d
612813